00793nam a2200193 a 450000100100000000500170001000800410002704000250006808200130009311000670010624500330017326000390020630000330024571000670027804900090034595201110035495201170046599900170058200002411520200930022730.0110119s1985 dr ac 000 0 spa d aDO-SdBNPbspacBNPHU axxxbI871 aInstituto Nacional de Formación Técnico Profesional93574910aBalance de actividades 1985. aSanto Domingo :bINFOTEC,c[1985]. a86 P. :bil., retr. ;c21 c.2 aInstituto Nacional de Formación Técnico Profesional935749 aBNPD 0010718PDaPDbPDcCTd2011-01-19iLF1l0oxxx I87p24115-10r2020-06-25w2020-06-25yLFPDZNo se presta 0010718PDaPDbPDcCTd2011-01-19iLF1l0oxxx I87p24115-20r2020-06-25te. 2w2020-06-25yLFPDZNo se presta c23610d23610